Las bases fisiológicas de la práctica médica / (Record no. 33326)

MARC details
000 -LEADER
campo de control de longitud fija 00946nam a2200205 i 4500
001 - NÚMERO DE CONTROL
campo de control 33326
003 - IDENTIFICADOR DE NÚMERO DE CONTROL
campo de control ES-MaACL
005 - FECHA Y HORA DE LA ÚLTIMA TRANSACCIÓN
campo de control 20230906154734.0
007 - CAMPO FIJO DE DESCRIPCIÓN FÍSICA--INFORMACIÓN GENERAL
campo de control de longitud fija t|
008 - DATOS DE LONGITUD FIJA--INFORMACIÓN GENERAL
campo de control de longitud fija 030202m19431944cu ||||1| spa d
100 1# - ENTRADA PRINCIPAL--NOMBRE DE PERSONA
Nombre de persona Best, Charles Herbert.
9 (RLIN) 28611
245 14 - MENCIÓN DEL TÍTULO
Título Las bases fisiológicas de la práctica médica /
Mención de responsabilidad, etc. por Charles Herbert Best y Norman Burke Taylor ; traducción española de la tercera inglesa, por Tomás Durán Quevedo ; con notas del traductor intercaladas en el texto y con la adición de la sección correspondiente a las funciones de reproducción, escrita para esta obra por el propio traductor ; prólogo de Ramón Gran San Martín.
250 ## - MENCION DE EDICION
Mención de edición 3ª ed.
260 ## - PUBLICACIÓN, DISTRIBUCIÓN, ETC.
Lugar de publicación, distribución, etc. La Habana :
Nombre del editor, distribuidor, etc. Cultural,
Fecha de publicación, distribución, etc. 1943-44.
300 ## - DESCRIPCIÓN FÍSICA
Extensión 2 v. :
Otras características físicas il. ;
Dimensiones 24 cm.
700 1# - ENTRADA AGREGADA--NOMBRE PERSONAL
Nombre de persona Taylor, Norman Herbert.
9 (RLIN) 109465
700 1# - ENTRADA AGREGADA--NOMBRE PERSONAL
Nombre de persona Durán Quevedo, Tomás.
9 (RLIN) 46234
700 1# - ENTRADA AGREGADA--NOMBRE PERSONAL
Nombre de persona Gran San Martín, Ramón.
9 (RLIN) 59552
852 ## - LOCALIZACIÓN
Ubicación ES-MaACL
Número de control de estantería 21-22
Sublocalización o colección R.21358
Holdings
Estatus retirado Estado de pérdida Estado de daño No para préstamo Colección Biblioteca de origen Biblioteca actual Ubicación en estantería Fecha de adquisición Fuente de adquisición Total de préstamos Signatura topográfica completa Código de barras Visto por última vez Precio de reemplazo Tipo de ítem Koha
        Colección de folletos Biblioteca del Ateneo de Madrid Biblioteca del Ateneo de Madrid Depósito folletos 17/01/2008     21-22 1034658 23/02/2023 23/02/2023 Folleto